Представление документа в формате RUSMARC

ПолеНазваниеЗначение
  Тип записи a
  Библиографический уровень m
001 Контрольный номер RU/УОНБ/EK_N/419083738
005 Дата корректировки 20240131001421.8
010 Индекс ISBN __
9 Тираж 5000 экз.
013 Номер (ISMN) __
d Цена 70 к.
071 Издательские номер (звукозапись и ноты) 21
a Номер, присвоенный агентством 9745
100 Данные общей обработки __
a Данные общей обработки 20130412d1977 u y0rusy0189||||ca
101 Язык документа 0_
a Язык текста rus
f Язык титульного листа rus
102 Страна публикации __
a Страна публикации RU
105 Кодированные данные (монография) __
a Кодированные данные (монография) y###||||000|y
125 Кодированные данные звукозаписи и нотных изданий __
a Форма изложения нотного текста а|
128 Кодированные данные (звукозаписи-физические характеристики) __
a Кодированные данные: Музыкальная форма и тональность или лад zz
b Инструменты или голоса, необходимые для ансамблей (устаревшее) kt||
200 Заглавие и сведения об ответственности 1_
a Заглавие Вып. 8
f Первые сведения об ответственности сост. В. Розанов
210 Выходные данные 1_
d Дата издания 1977
215 Физическое описание __
a Объем 112 c.
327 Примечание о содержании 11
a Примечание о содержании Содерж. : для дуэта баянов : Не одна во поле дороженька : рус. нар. песня / обраб. Н. Иванова. - Ой все зелены : архангельские припевки / обраб. Б. Киселева. - Чаечка : рус. нар. песня / обраб. В. Накапкина. - Про гречку : укр. нар. песня / обраб. В. Накапкина. - Дойна ; Сырба ; Жок : три молд. нар. мелодии / обраб. Г. Ковтуна. - Верди Дж. Арабская песня из оперы "Отелло". - Глазунов А. Фантастический вальс из балета "Раймонда". - Шостакович Д. Соната № 2 : финал : соч. 64. - Сушкин Ю. Прелюдия и фугетта. - Яковенко П. Хороводная. - Горлов Н. За околицей. - Бинкин З. Спортивный марш. - Для трио баянов : Люлли Ж. Квартет лесных духов из оперы "Беллерофонт". - Гайдн Й. Венгерское рондо. - Бизе Ж. Серенада из оперы "Иван IV". - Форе Г. Менуэт. - Равель М. Павана спящей красавицы из балета "Сон Флорины" : фрагмент. - Чайковский П. Чаровница : романс. - Чекалов П. Две фугетты. - Чеботарев С. Скерцино. - Кузнецов Е. Потеха. - Для секстета баянов : Ключарев А. Татарские напевы : из Сюиты на темы народов Поволжья.
461 Уровень набора _0
1 001RU/УОНБ/EK_N/418918422
1 200
a Ансамбли баянов
b [Ноты]
v Вып. 8
1 210
a М.
c Музыка
d [197-] -
464 Аналитический уровень _0
1 2001
a Не одна во поле дороженька
e рус. нар. песня
e для дуэта баянов
1 702 1
a Иванов
b Н.
4 030
464 Аналитический уровень _0
1 2001
a Чаечка
e рус. нар. песня
e для дуэта баянов
1 702 1
a Накапкин
b В.
4 030
464 Аналитический уровень _0
1 2001
a Ой все зелены
e архангельские припевки
e для дуэта баянов
1 702 1
a Киселев
b Б.
4 030
464 Аналитический уровень _0
1 2001
a Про гречку
e укр. нар. песня
e для дуэта баянов
1 702 1
a Накапкин
b В.
4 030
464 Аналитический уровень _0
1 2001
a Дойна
e молд. нар. мелодия
e для дуэта баянов
1 702 1
a Ковтун
b Г.
4 030
464 Аналитический уровень _0
1 2001
a Квартет лесных духов
e из оперы "Беллерофонт"
e для трио баянов
1 700 1
a Люлли
b Ж.
1 50010
a Беллерофонт
464 Аналитический уровень _0
1 2001
a Жок
e молд. нар. мелодия
e для дуэта баянов
1 702 1
a Ковтун
b Г.
4 030
464 Аналитический уровень _0
1 2001
a Арабская песня из оперы "Отелло"
e для дуэта баянов
1 700 1
a Верди
b Дж.
1 50010
a Отелло
464 Аналитический уровень _0
1 2001
a Фантастический вальс
e из балета "Раймонда"
e для дуэта баянов
1 700 1
a Глазунов
b А.
1 50010
a Раймонда
464 Аналитический уровень _0
1 2001
a Соната № 2
e финал
e соч. 64
e для дуэта баянов
1 700 1
a Шостакович
b Д.
464 Аналитический уровень _0
1 2001
a Прелюдия и фугетта
e для дуэта баянов
1 700 1
a Сушкин
b Ю.
464 Аналитический уровень _0
1 2001
a Хороводная
e для дуэта баянов
1 700 1
a Яковенко
b П.
464 Аналитический уровень _0
1 2001
a За околицей
e для дуэта баянов
1 700 1
a Горлов
b Н.
464 Аналитический уровень _0
1 2001
a Спортивный марш
e для дуэта баянов
1 700 1
a Бинкин
b З.
464 Аналитический уровень _0
1 2001
a Спо
e для дуэта баянов
1 700 1
a Бинкин
b З.
464 Аналитический уровень _0
1 2001
a Венгерское рондо
e для трио баянов
1 700 1
a Гайдн
b Й.
464 Аналитический уровень _0
1 2001
a Серенада из оперы "Иван IV"
e для трио баянов
1 700 1
a Бизе
b Ж.
1 50010
a Иван IV
464 Аналитический уровень _0
1 2001
a Менуэт
e для трио баянов
1 700 1
a Форе
b Г.
464 Аналитический уровень _0
1 2001
a Павана спящей красавицы
e из балета "Сон Флорины"
e фрагмент
e для трио баянов
1 700 1
a Равель
b М.
1 50010
a Сон Флорины
464 Аналитический уровень _0
1 2001
a Чаровница
e романс
e для трио баянов
1 700 1
a Чайковский
b П.
464 Аналитический уровень _0
1 2001
a Фугетты
e для трио баянов
1 700 1
a Чекалов
b П.
464 Аналитический уровень _0
1 2001
a Скерцино
e для трио баянов
1 700 1
a Чеботарев
b С.
464 Аналитический уровень _0
1 2001
a Потеха
e для трио баянов
1 700 1
a Кузнецов
b Е.
464 Аналитический уровень _0
1 2001
a Татарские напевы
e из Сюиты на темы народов Поволжья
e для секстета баянов
1 700 1
a Ключарев
b А.
1 50010
a Сюита на темы народов Поволжья
512 Заглавие обложки 1_
a Заглавие обложки Ансамбли баянов
606 Тематические рубрики 0_
a Основная рубрика Ансамбли баянов
610 Ключевые слова 0_
a Ключевые слова ансамбли баянов
686 Индексы других классификаций __
a Классификационный индекс 85.952.456я43
2 Код системы rubbk
702 Вторичная интеллектуальная ответственность _1
a Фамилия Розанов
b Имя (инициалы) В.
4 Код отношения 220
801 Источник записи _0
a Страна RU
b Организация Ульяновская ОНБ
c Дата составления 20130412
g Правила каталогизации RCR
801 Источник записи _1
a Страна RU
b Организация Ульяновская ОНБ
c Дата составления 20130412
g Правила каталогизации RCR
901 Тип документа __
t Тип документа n
w Контрольный № источника RU/УОНБ/EK_N/418918422
909 Создатель записи __
a Создатель записи Никитина Т. А.
938 Служебная информация __
a Имя БД noti
b Имя библиотеки УОНБ
c Имя АИБС МАРК-SQL
d Номер DOC_ID в БД 11227